02244nam a2200409 a 4500001001200000003000800012006001900020007001500039008004100054010001700095015001900112016001800131020003600149020003900185020003300224020003600257040002100293035002100314043001200335050002600347082001600373100003500389245012500424260005800549300002500607504006400632505067100696533015201367650003601519650002401555650002901579650003501608655002901643710001701672856012601689999001901815ebr10173885CaPaEBRm u cr cn|||||||||060615s2006 mnua sb s001 0 eng  z 2006019972 aGBA6731432bnb7 z0135380512Uk z0816647895 (hdbk. : alk. paper) z9780816647897 (hdbk. : alk. paper) z0816647909 (pb : alk. paper) z9780816647903 (pb : alk. paper) aCaPaEBRcCaPaEBR a(OCoLC)182721349 an-us---14aHQ1220.U5bK56 2006eb04a791.6/22221 aKing-O'Riain, Rebecca Chiyoko.10aPure beautyh[electronic resource] :bjudging race in Japanese American beauty pageants /cRebecca Chiyoko King-O'Riain. aMinneapolis :bUniversity of Minnesota Press,cc2006. axiii, 276 p. :bill. aIncludes bibliographical references (p. 239-254) and index.0 aIntroduction: Negotiating racial hybridity in community beauty pageants -- Race work and the effort of racial claims -- The Japanese American community in transition -- Japanese American beauty pageants in historical perspective -- Cultural impostors and eggs : race without culture and culture without race -- Patrolling bodies : the social control of race through gender -- The "ambassadress" queen : moving authentically between racial communities in the United States and Japan -- Percentages, parts, and power : racial eligibility rules and local versions of Japanese Americanness in context -- Conclusion: Japanese Americanness, beauty pageants, and race work. aElectronic reproduction.bPalo Alto, Calif. :cebrary,d2013.nAvailable via World Wide Web.nAccess may be limited to ebrary affiliated libraries. 0aBeauty contestszUnited States. 0aJapanese Americans. 0aJapanese American women. 0aRace awarenesszUnited States. 7aElectronic books.2local2 aebrary, Inc.40uhttp://site.ebrary.com/lib/rucke/Doc?id=10173885zAn electronic book accessible through the World Wide Web; click to view c248387d248387